| 000 | 00469 a2200145 4500 | ||
|---|---|---|---|
| 005 | 20250623075233.0 | ||
| 020 | _a0-8213-4343-2 | ||
| 082 | _a332.109 IFC | ||
| 245 | _aLessons of Experience: Financial Institutions. | ||
| 260 |
_aWashington, _bInternational Finance Corporation, _c1998. |
||
| 300 |
_aix,135p.: ill.; figures. _c27cm |
||
| 700 | _aINTERNATIONAL FINANCE CORPORATION. | ||
| 856 |
_yAccess Online Book. _fFinance _dhttp//wwwworldbank.org |
||
| 942 |
_2ddc _cBKS |
||
| 999 |
_c513 _d513 |
||